000 00574nam a2200229 a 4500
005 20140310183316.0
008 051122s19uu xx 00 eng d
020 _a0071250166
050 _aBF 121
_b.F34 2005
100 _aFeldman, Robert S.
245 _aUnderstanding psychology /
_cRobert S. Feldman
250 _a7th ed.
260 _aBoston :
_bMcGraw-Hill,
_c2005.
300 _a636 p. :
_bill. ;
_c25 cm.
521 _aPSYCH
650 _aPsychology.
942 _cBK
_2lcc
_kFOR
999 _c21298
_d21298